Top 5 Leagues sacked Managers/Coaches - Statistics

General Stats
  • This quiz has been taken 15 times
    9 since last reset
  • The average score is 7 of 43
Answer Stats
Club Manager % Correct
A Chelsea Enzo Maresca
83%
B Real Madrid Xabi Alonso
83%
A Chelsea Liam Rosenior
67%
A Tottenham Igor Tudor
50%
D Juventus Igor Tudor
50%
C Leverkusen Erik ten Hag
33%
D Atalanta Ivan Juric
33%
A Man United Rúben Amorim
33%
A Tottenham Thomas Frank
33%
D Cremonese Davide Nicola
17%
B Alavés Eduardo Coudet
17%
B Mallorca Jagoba Arrasate
17%
B Levante Julián Calero
17%
B Real Oviedo Luis Carrión
17%
E Nantes Luís Castro
17%
B Sevilla Matías Almeyda
17%
A Nottingham Nuno Espírito Santo
17%
E Marseille Roberto De Zerbi
17%
B Real Sociedad Sergio Francisco
17%
D Fiorentina Stefano Pioli
17%
B Real Oviedo Veljko Paunovic
17%
E Monaco Adi Hütter
0%
E Nantes Ahmed Kantari
0%
D Pisa Alberto Gilardino
0%
A Nottingham Ange Postecoglou
0%
C Mainz Bo Henriksen
0%
C Wolfsburg Daniel Bauer
0%
C Frankfurt Dino Toppmöller
0%
E Nice Franck Haise
0%
C M‘Gladbach Gerardo Seoane
0%
A West Ham Graham Potter
0%
E Rennes Habib Beye
0%
C Bremen Horst Steffen
0%
C Köln Lukas Kwasniok
0%
D Torino Marco Baroni
0%
D Hellas Verona Paolo Zanetti
0%
D Genoa Patrick Vieira
0%
C Wolfsburg Paul Simonis
0%
C Augsburg Sandro Wagner
0%
A Nottingham Sean Dyche
0%
C Union Berlin Steffen Baumgart
0%
E Metz Stéphane Le Mignan
0%
A Wolves Vítor Pereira
0%
No matching quizzes found
Score Distribution
Percent of People with Each Score
Percentile by Number Answered
Your Score History
You have not taken this quiz since the last reset